| 000 | 00346nam a2200121Ia 4500 | ||
|---|---|---|---|
| 005 | 20260326100033.0 | ||
| 008 | 260326s9999||||xx |||||||||||||| ||und|| | ||
| 100 | _aRofman, Alejandro | ||
| 245 | 0 |
_aDesigualdades Regionales y concentración económica : _b El caso argentino / _cAlejandro Rofman |
|
| 260 | _bSIAP | ||
| 650 | _aURBANISMO | ||
| 942 | _cBK | ||
| 999 |
_c6678 _d6678 |
||